Dig a tunnel / (Record no. 2973)

MARC details
000 -LEADER
fixed length control field 00950cam a22002894a 4500
005 - DATE AND TIME OF LATEST TRANSACTION
control field 20260311084436.0
020 ## - INTERNATIONAL STANDARD BOOK NUMBER
International Standard Book Number 0439176727
040 ## - CATALOGING SOURCE
Original cataloging agency DLC
Transcribing agency DLC
Modifying agency DLC
Language of cataloging eng
050 00 - LIBRARY OF CONGRESS CALL NUMBER
Classification number TA807.H86
Item number 1999
082 00 - DEWEY DECIMAL CLASSIFICATION NUMBER
Classification number 624.193
100 1# - MAIN ENTRY--PERSONAL NAME
Personal name Hunter, Ryan Ann
245 10 - TITLE STATEMENT
Title Dig a tunnel /
Statement of responsibility, etc. by Ryan Ann Hunter ; illustrated by Edward Miller.
250 ## - EDITION STATEMENT
Edition statement First Scholastic printing, September 2000
260 ## - PUBLICATION, DISTRIBUTION, ETC.
Place of publication, distribution, etc. New York :
Name of publisher, distributor, etc. Scholastic,
Date of publication, distribution, etc. 1999
300 ## - PHYSICAL DESCRIPTION
Extent 25 unnumbered pages :
Other physical details color illustrations;
Dimensions 21 cm .
505 ## - FORMATTED CONTENTS NOTE
Formatted contents note O <br/>
520 ## - SUMMARY, ETC.
Summary, etc. Simply describes a variety of tunnels, how they are built and how they are used.
521 ## - TARGET AUDIENCE NOTE
Target audience note 610 <br/>
Source Lexile <br/>
521 ## - TARGET AUDIENCE NOTE
Target audience note O <br/>
Source Raz-Plus <br/>
650 #0 - SUBJECT ADDED ENTRY--TOPICAL TERM
Topical term or geographic name entry element Tunneling
Form subdivision Juvenile literature.
650 #0 - SUBJECT ADDED ENTRY--TOPICAL TERM
Topical term or geographic name entry element Tunnels
Form subdivision Juvenile literature.
650 #1 - SUBJECT ADDED ENTRY--TOPICAL TERM
Topical term or geographic name entry element Tunnels.
700 1# - ADDED ENTRY--PERSONAL NAME
Personal name Miller, Edward
Dates associated with a name 1964-
Relator term illustrator
906 ## - LOCAL DATA ELEMENT F, LDF (RLIN)
a 7
b cbc
c orignew
d 1
e ocip
f 19
g y-gencatlg
942 ## - ADDED ENTRY ELEMENTS (KOHA)
Source of classification or shelving scheme Dewey Decimal Classification
Koha item type Books
Suppress in OPAC No
999 ## -
-- 2973
-- 2973
Holdings
Withdrawn status Lost status Source of classification or shelving scheme Damaged status Not for loan Collection Home library Current library Shelving location Date acquired Total Checkouts Full call number Barcode Date due Date last seen Date last checked out Copy number Price effective from Koha item type
    Dewey Decimal Classification     Non-Fiction Footprints International School Library Network Toul Kork Campus Footprints International School Library Network Toul Kork Campus TK Primary Library Room(4th Floor), Bookcase 3&4, Shelves 17-32, Yellow Books 10/30/2024   HUN 624.193 TA807.H86 FISTK02230   10/30/2024   2 10/30/2024 Books
    Dewey Decimal Classification     Non-Fiction Footprints International School Library Network Toul Tom Poung Campus Footprints International School Library Network Toul Tom Poung Campus TTP Primary Yellow Bookshelves 01/26/2024 3 HUN 624.193 TA807.H86 FISBK05137 12/10/2025 11/26/2025 11/26/2025 1 01/26/2024 Books